000 00827nam a2200205 i 4500
001 182744
003 ES-MaACL
005 20230906221711.0
007 t|
008 131022s1991 sp |||| | spa d
080 _a027.1(460.18)"14"
100 1 _aAntelo Iglesias, Antonio.
_921870
245 1 4 _aLas bibliotecas del otoño medieval, con especial referencia a las de Castilla en el siglo XV /
_cAntonio Antelo Iglesias.
260 _aMadrid :
_bUNED,
_c1991.
300 _aP. 285-350 ;
_c24 cm.
595 _aSeparata de: Espacio, tiempo y forma: revista de la Facultad de Geografía e Historia. Serie III. Historia Medieval, t. 4, 1991.
650 4 _aBibliotecas-
_zCastilla (Reino)
_9170829
650 4 _aBibliotecas-
_zEspaña-
_vHistoria.
_9153716
852 _aES-MaACL
_j2327-F-16
_z.- Dedicatoria autógrafa del autor
999 _c182744
_d182744